00463nam a2200109Ia 4500008004100000245006700041245004700108260000900155856009700164999001900261952007300280160523s9999 xx 000 0 und d aStrategies for Tourism Industry - Micro and Macro Perspectives cEdited by Murat Kasimoglu and Handan Aydin c2012 uhttp://www.intechopen.com/books/strategies-for-tourism-industry-micro-and-macro-perspectives c294886d294886 001040aCLbCLd2016-05-23l0r2016-05-23 00:00:00w2016-05-23yCBE